My big book of learning

Bibliographic Details
Main Author: Miles, Brian
Format: Book
Published: London : Grandreams Limited , 1997
Subjects:

MARC

LEADER 00000cam a2200000 7i4500
001 0000051293
005 20151222.0
008 150819
020 |a 0862279216 
020 |a 9780862279219 
090 0 0 |a EDU   |b ENG 
100 1 |a Miles, Brian 
245 1 0 |a My big book of learning   |c Brian Miles 
260 |a London :   |b Grandreams Limited ,   |c 1997 
500 |a Children ages 7-9 years old (orange) 
650 0 |a Junior fiction   |x English   |x Languages 
999 |a 0000768301   |b Book   |c Children Collection   |e Cawangan Bandar Penawar 
999 |a 0000768303   |b Book   |c Children Collection   |e Cawangan Bandar Penawar 
999 |a 0000768304   |b Book   |c Children Collection   |e Cawangan Bandar Penawar 
999 |a 0000768305   |b Book   |c Children Collection   |e Cawangan Bandar Penawar 
999 |a 0000879001   |b Book   |c Children Collection   |e Cawangan Segamat 
999 |a 0000879002   |b Book   |c Children Collection   |e Cawangan Bandar Penawar 
999 |a 0001069852   |b Book   |c Children Collection   |e Cawangan Taman Universiti 
999 |a 0001069853   |b Book   |c Children Collection   |e Cawangan Segamat 
999 |a 0001154033   |b Book   |c Children Collection   |e Cawangan Segamat 
999 |a 0001154034   |b Book   |c Children Collection   |e Cawangan Bukit Gambir